Μοντελοποίηση ανίατων ασθενειών για το σύνολο της Ελλάδος για τα έτη 1980-2012 και πρόβλεψη : πτυχιακή εργασία

Η παρούσα εργασία έχει στόχο την μοντελοποίηση και την πρόβλεψη ανίατων ασθενειών για τα Ελληνικά δεδομένα για τα έτη 1980 έως 2012. Αποτελείται από πέντε κεφάλαια, την θεωρία, την εισαγωγή δεδομένων και περιγραφική ανάλυση, την κατασκευή πινάκων με χρήση της θεωρίας που αναπτύχθηκε στο πρώτο κεφάλα...

Πλήρης περιγραφή

Αποθηκεύτηκε σε:
Λεπτομέρειες βιβλιογραφικής εγγραφής
Κύριος συγγραφέας: Ραγκούση, Αθανασία
Συγγραφή απο Οργανισμό/Αρχή: Πανεπιστήμιο Αιγαίου. Σχολή Θετικών Επιστημών. Τμήμα Στατιστικής και Αναλογιστικών-Χρηματοοικονομικών Μαθηματικών
Μορφή: Thesis Βιβλίο
Γλώσσα:Greek
Δημοσίευση: 2015.
Θέματα:
Διαθέσιμο Online:http://hdl.handle.net/11610/8074
Ετικέτες: Προσθήκη ετικέτας
Δεν υπάρχουν, Καταχωρήστε ετικέτα πρώτοι!

MARC

LEADER 00000cam a2200000 a 4500
001 1/110790
008 160523s2015####gr | ||| |||| ||gre||
040 |a GR-MyUa  |b gre  |c GR-MyUa  |e AACR2 
041 0 |a gre 
082 7 |a 304.64   |2 (23)  
100 1 |a Ραγκούση, Αθανασία. 
245 1 0 |a Μοντελοποίηση ανίατων ασθενειών για το σύνολο της Ελλάδος για τα έτη 1980-2012 και πρόβλεψη :   |b πτυχιακή εργασία /   |c Αθανασία Ραγκούση ; επιβλέπων καθηγητής Πέτρος Χατζόπουλος.  
260 |c 2015.  
300 |a 112 σ. :   |b διάγρ., πιν. ;   |c 30 εκ.  
500 |a Μέλη της εξεταστικής επιτροπής: Χατζόπουλος Πέτρος, Ζήμερας Στέλιος, Καραγρηγορίου Αλέξανδρος.  
502 |a Πτυχιακή εργασία - Πανεπιστήμιο Αιγαίου, Σάμος, 2015.  
504 |a Βιβλιογραφία: σ. 11-112.  
506 0 |a Διάθεση πλήρους κειμένου - Ελεύθερη πρόσβαση.  
520 8 |a Η παρούσα εργασία έχει στόχο την μοντελοποίηση και την πρόβλεψη ανίατων ασθενειών για τα Ελληνικά δεδομένα για τα έτη 1980 έως 2012. Αποτελείται από πέντε κεφάλαια, την θεωρία, την εισαγωγή δεδομένων και περιγραφική ανάλυση, την κατασκευή πινάκων με χρήση της θεωρίας που αναπτύχθηκε στο πρώτο κεφάλαιο και την ερμηνεία των αποτελέσματων μας, την παρουσίαση των πιο γνωστών μοντέλων πρόβλεψης για τη θνησιμότητα και τέλος τα συμπεράσματα της πρόβλεψης μέσω του επιλεγμένου μοντέλου. Χρησιμοποιήθηκαν τα Microsoft Excel για την κατασκευή των πινάκων και διαγραμμάτων, καθώς και το στατιστικό πακέτο MATLAB για την πρόβλεψη.  
650 0 |a Mortality  |z Greece  |x Mathematical models. 
650 0 |a Mortality  |x Forecasting. 
650 0 |a Dissertations, Academic  |z Greece. 
700 1 |a Χατζόπουλος, Πέτρος Φ.  |e dgs 
710 2 |a Πανεπιστήμιο Αιγαίου.   |b Σχολή Θετικών Επιστημών.   |b Τμήμα Στατιστικής και Αναλογιστικών-Χρηματοοικονομικών Μαθηματικών. 
852 |a INST  |b SAMOS  |c DIATR  |e 20160523  |h 304.64 ΡΑΓ  |p 005300043571  |q 005300043571  |t DIE  |y 23 
856 |u http://hdl.handle.net/11610/8074 
924 |a Ραγκούση  |b Αθανασία  |y Σάμος  |z 2015-04 
970 |a Κοσιέρης  |b Χρήστος  |z 23-05-2016